000 00359nam a2200145Ia 4500
008 230312s9999||||xx |||||||||||||| ||und||
020 _a0-926494-52-7
082 _a747.097
_bGUR-N
100 _aGura;Judith
245 0 _aNew York Interior Design 1935-1985
260 _bGura;Judith
_aNewyork
_c2008
300 _a295
650 _aArchitecture
942 _cBK
999 _c12065
_d12065